| 000 | 00394cam a2200145ua 4500 | ||
|---|---|---|---|
| 041 |
_aeng _h |
||
| 082 |
_a928.2 _bCAR/RU |
||
| 100 | _aCarrington, Charles . | ||
| 245 |
_aRudyard kipling:His life and work / _cCharles Carrington. _hTextual Documents |
||
| 260 |
_aMelbourne : _bMacMillan and Company Limited , _c1965. |
||
| 300 | _a549 ; . | ||
| 504 | _a | ||
| 942 | _cBK | ||
| 999 |
_c6259 _d6259 |
||